Normal view
MARC view
Entry Personal Name
001 - CONTROL NUMBER
- control field: 165923
003 - CONTROL NUMBER IDENTIFIER
- control field: OSt
005 - DATE AND TIME OF LATEST TRANSACTION
- control field: 20220923222110.0
008 - FIXED-LENGTH DATA ELEMENTS
- fixed length control field: 220923|| aca||aabn | a|a d
040 ## - CATALOGING SOURCE
- Original cataloging agency: OSt
- Transcribing agency: OSt
100 ## - HEADING--PERSONAL NAME
- Personal name: चौधरी, नारायण; राहुल, राजेश, अनु
670 ## - SOURCE DATA FOUND
- Source citation: Work cat.: (OSt)353803: चौधरी, नारायण; राहुल, राजेश, अनु., ईश्वरचंद् गुप्त, 1988
